A universal approach to groups and rings /

Guardado en:
Autor Principal: Baumslag, Gilbert.
Formato: Libro
Idioma:English
Publicado: [New York?] : New York University, Courant Institute of Mathematical Sciences, 1963.
Materias:
Etiquetas: Agregar Etiqueta
Sin Etiquetas, Sea el primero en etiquetar este registro!
LEADER 00693cam a22002051a 4500
001 MAT.inmabb005469
008 751103s1963####nyu###########000#0#eng##
005 20170815151337.0
245 1 2 |a A universal approach to groups and rings /  |c Notes by Arlys Stritzel. 
260 |a [New York?] :  |b New York University, Courant Institute of Mathematical Sciences,  |c 1963. 
300 |a ii, 100 h. ;  |c 28 cm. 
504 |a Bibliografía: p. [412]-443. 
100 1 |a Baumslag, Gilbert. 
084 |a 20-XX  |a 16-XX  |2 msc2000 
650 0 |a Algebra, Universal. 
650 0 |a Group theory. 
650 0 |a Rings (Algebra) 
010 |a  63025295  
040 |a DLC/ICU  |c ICU  |d DLC 
859 |h 20  |i B348u  |p A-1638  |b BIB. MATEMATICA